| 000 | 00617nam a2200205Ii 4500 | ||
|---|---|---|---|
| 003 | JO-AjNU | ||
| 008 | 230605s9999||||xx |||||||||||||| ||und|| | ||
| 017 | _a1973/2528 | ||
| 040 |
_aJO-AjNU _bara _erda _cJO-AjNU |
||
| 041 | _aara | ||
| 050 | 1 | 4 | _aPJ7846 1973 |
| 100 | 3 |
_aتأليف السحار،عبد الحميد جودة, _eauthor _97219 |
|
| 245 | 0 | 0 | _aالمستنقع |
| 264 | 3 | 1 | _aالقاهرة:مكتبة مصر،1973 |
| 300 | _a226ص | ||
| 336 |
_atext _btxt _2rdacontent |
||
| 337 |
_aunmediated _bn _2rdamedia |
||
| 338 |
_avolume _bnc _2rdacarrier |
||
| 650 | 4 |
_aالأدب العربي - قصص _97220 |
|
| 999 |
_aA169 _c3737 _d3737 |
||